Statistics for Top 10 Everton PL scorers

Click here to take the quiz!

General Stats

  • This quiz has been taken 98 times
  • The average score is 5 of 10

Answer Stats

HintAnswer% Correct
67Lukaku
97%
60Ferguson
82%
56Cahill
71%
27Arteta
50%
45Campbell
43%
44Osman
41%
28Cottee
39%
33Unsworth
33%
29Rideout
26%
29Mirallas
26%

Score Distribution

Percentile by Number Answered

Percent of People with Each Score

Your Score History

You have not taken this quiz